Historically Influential People by Bust Quiz Stats

 Plays Quiz not verified by Sporcle

Score 0/25 Timer 05:00
0 Plays Today
% Correct
Jesus Christ
98.9%
Albert Einstein
97.3%
Adolf Hitler
96.6%
George Washington
96.2%
Napoleon Bonaparte
95.6%
William Shakespeare
94.9%
Charles Darwin
93.9%
Ludwig van Beethoven
93.6%
Guatama Buddha
93.2%
Christopher Columbus
92.4%
Isaac Newton
92%
Thomas Edison
91.9%
Alexander Graham Bell
91.3%
% Correct
Genghis Khan
89.8%
Sigmund Freud
89.2%
Martin Luther
89%
Vladimir Lenin
88.4%
Julius Caesar
87.7%
Galileo Galilei
86.6%
Johann Sebastian Bach
86%
Alexander the Great
85.4%
Confucius
83.5%
Johann Gutenberg
81.6%
Louis Pasteur
72.7%
Euclid
49.6%

You're not logged in!

Compare scores with friends on all Sporcle quizzes.
OR
Log In

Show Comments

Extras

Top Quizzes Today


Score Distribution

Your Account Isn't Verified!

In order to create a playlist on Sporcle, you need to verify the email address you used during registration. Go to your Sporcle Settings to finish the process.

Report this User

Report this user for behavior that violates our Community Guidelines.

Details: